ბათუმის შოთა რუსთაველის სახელმწიფო უნივერსიტეტის ბიბლიოთეკა

Задачи по геометрии с комментариями и решениями. (ბიბ.ჩანაწერი № 37229)

000 -LEADER
fixed length control field 00719nam a2200217Ia 4500
001 - CONTROL NUMBER
control field 3188
003 - CONTROL NUMBER IDENTIFIER
control field GE_BSU
008 - FIXED-LENGTH DATA ELEMENTS--GENERAL INFORMATION
fixed length control field 181216s||||||||xx |||||||||||||| ||und||
020 ## - INTERNATIONAL STANDARD BOOK NUMBER
International Standard Book Number 503001059
040 ## - CATALOGING SOURCE
Transcribing agency GE_BSU
080 ## - UNIVERSAL DECIMAL CLASSIFICATION NUMBER
Universal Decimal Classification number 514(076)
100 ## - MAIN ENTRY--PERSONAL NAME
Personal name Берже,М. Берри,Ж.П. Пансю,П. Сен-реймон,К.
245 ## - TITLE STATEMENT
Title Задачи по геометрии с комментариями и решениями.
250 ## - EDITION STATEMENT
Edition statement Пер. с франц. под.ред. Л.В.Сабинина.
260 ## - PUBLICATION, DISTRIBUTION, ETC.
Place of publication, distribution, etc. М.
260 ## - PUBLICATION, DISTRIBUTION, ETC.
Name of publisher, distributor, etc. Мир.
260 ## - PUBLICATION, DISTRIBUTION, ETC.
Date of publication, distribution, etc. 1989.
300 ## - PHYSICAL DESCRIPTION
Extent 304 стр.с илл.
653 ## - INDEX TERM--UNCONTROLLED
Uncontrolled term Задачи по геометрии с комментариями и решениями.
942 ## - ADDED ENTRY ELEMENTS (KOHA)
Koha item type წიგნი
ეგზემპლარები
Withdrawn status Lost status Damaged status Not for loan Date acquired Barcode Date last seen Price effective from Koha item type
        2018-12-17 9146 2018-12-17 2018-12-17 წიგნი